000 00761nam a2200205 a 4500
001 BRCA_1251
005 20190320203340.0
008 860917s1993 nmu#---##b---s001-0#spa-#
040 _aDLC
_cDLC
_dDLC
050 4 _aNB1255.E2
_b.P35 1987
100 1 _aPalmer, Gabrielle G.
_d1938-
_93745
245 1 0 _aLa escultura en la audiencia de Quito
_cGabrielle G. Palmer.
260 _aMunicipio de Quito
_bDirección de Educación y Cultura, Subdirección de Centros Culturales
_c1993
300 _axviii, 123 p.
_c21 cm.
500 _aIncluye índice de ilustraciones e índice alfabético
504 _aBibliografía: p. 109-112
650 1 4 _aEscultura de madera ecuatoriana
_zEcuador
_93827
650 1 4 _aEscultura de madera colonial
_zEcuador
_93828
942 _2lcc
_cB
999 _c1121
_d1121